000 00293nam a22001337a 4500
008 181121b xxu||||| |||| 00| 0 eng d
020 _a9781435438897
041 _aeng
080 _210 th
_a610
100 _a3
101 _aSHM
245 _aMedical Terminology
_cJean.T
942 _2udc
_cBK
999 _c52255
_d52255